Elementary particles and the laws of physics : (Record no. 8599)
[ view plain ]
| 000 -LEADER | |
|---|---|
| fixed length control field | 01345cam a2200325 a 4500 |
| 001 - CONTROL NUMBER | |
| control field | 4787176 |
| 003 - CONTROL NUMBER IDENTIFIER | |
| control field | OSt |
| 005 - DATE AND TIME OF LATEST TRANSACTION | |
| control field | 20240618110042.0 |
| 008 - FIXED-LENGTH DATA ELEMENTS--GENERAL INFORMATION | |
| fixed length control field | 870831s1987 enka b 000 0 eng |
| 010 ## - LIBRARY OF CONGRESS CONTROL NUMBER | |
| LC control number | 87026362 |
| 020 ## - INTERNATIONAL STANDARD BOOK NUMBER | |
| International Standard Book Number | 0521340004 |
| 040 ## - CATALOGING SOURCE | |
| Original cataloging agency | aMUST LIB |
| Transcribing agency | MUST |
| Modifying agency | MUST |
| 050 00 - LIBRARY OF CONGRESS CALL NUMBER | |
| Classification number | QC793.28 |
| Item number | .F49 1987 |
| 082 00 - DEWEY DECIMAL CLASSIFICATION NUMBER | |
| Classification number | 539.72 |
| Edition number | 19 |
| Item number | FEY |
| 100 1# - MAIN ENTRY--PERSONAL NAME | |
| Personal name | Feynman, Richard P. |
| Fuller form of name | (Richard Phillips), |
| Dates associated with a name | 1918-1988. |
| 9 (RLIN) | 8005 |
| 245 10 - TITLE STATEMENT | |
| Title | Elementary particles and the laws of physics : |
| Remainder of title | the 1986 Dirac memorial lectures / |
| Statement of responsibility, etc. | Richard P. Feynman and Steven Weinberg ; lecture notes compiled by Richard MacKenzie and Paul Doust. |
| 260 ## - PUBLICATION, DISTRIBUTION, ETC. (IMPRINT) | |
| Place of publication, distribution, etc. | Cambridge ; |
| -- | New York : |
| Name of publisher, distributor, etc. | Cambridge University Press, |
| Date of publication, distribution, etc. | 1987. |
| 300 ## - PHYSICAL DESCRIPTION | |
| Extent | x, 110 p. : |
| Other physical details | ill. ; |
| Dimensions | 20 cm. |
| 504 ## - BIBLIOGRAPHY, ETC. NOTE | |
| Bibliography, etc | Includes bibliographical references. |
| 600 10 - SUBJECT ADDED ENTRY--PERSONAL NAME | |
| Personal name | Dirac, P. A. M. |
| Fuller form of name | (Paul Adrien Maurice), |
| Dates associated with a name | 1902-1984. |
| 9 (RLIN) | 8006 |
| 650 #0 - SUBJECT ADDED ENTRY--TOPICAL TERM | |
| Topical term or geographic name as entry element | Particles (Nuclear physics) |
| 9 (RLIN) | 3587 |
| 650 #0 - SUBJECT ADDED ENTRY--TOPICAL TERM | |
| Topical term or geographic name as entry element | Quantum theory. |
| 9 (RLIN) | 4791 |
| 650 #0 - SUBJECT ADDED ENTRY--TOPICAL TERM | |
| Topical term or geographic name as entry element | Relativity (Physics) |
| 9 (RLIN) | 8007 |
| 700 1# - ADDED ENTRY--PERSONAL NAME | |
| Personal name | Weinberg, Steven, |
| Dates associated with a name | 1933- |
| 9 (RLIN) | 8008 |
| 740 0# - ADDED ENTRY--UNCONTROLLED RELATED/ANALYTICAL TITLE | |
| Uncontrolled related/analytical title | Dirac memorial lectures. |
| 856 41 - ELECTRONIC LOCATION AND ACCESS | |
| Materials specified | Table of contents |
| Uniform Resource Identifier | http://www.loc.gov/catdir/toc/cam023/87026362.html |
| 856 42 - ELECTRONIC LOCATION AND ACCESS | |
| Materials specified | Publisher description |
| Uniform Resource Identifier | http://www.loc.gov/catdir/description/cam023/87026362.html |
| 906 ## - LOCAL DATA ELEMENT F, LDF (RLIN) | |
| a | 7 |
| b | cbc |
| c | orignew |
| d | 1 |
| e | ocip |
| f | 19 |
| g | y-gencatlg |
| 942 ## - ADDED ENTRY ELEMENTS (KOHA) | |
| Source of classification or shelving scheme | Dewey Decimal Classification |
| Koha item type | Open Shelf |
| Withdrawn status | Lost status | Source of classification or shelving scheme | Damaged status | Not for loan | Home library | Current library | Date acquired | Inventory number | Total Checkouts | Full call number | Barcode | Date last seen | Price effective from | Koha item type |
|---|---|---|---|---|---|---|---|---|---|---|---|---|---|---|
| Dewey Decimal Classification | MUST Main Library | MUST Main Library | 18/06/2024 | 05/25007 | 539.72 FEY | 2024-20740 | 18/06/2024 | 18/06/2024 | Open Shelf | |||||
| Dewey Decimal Classification | MUST Main Library | MUST Main Library | 18/06/2024 | 05/25005 | 539.72 FEY | 2024-20741 | 18/06/2024 | 18/06/2024 | Open Shelf |
